Which One Is Bigger? (Easy Mode) - Statistics

General Stats
  • This quiz has been taken 24 times
    12 since last reset
  • The average score is 15 of 25
Answer Stats
Question Answer % Correct
Which one is bigger? Antigua and Barbuda
100%
Which one is bigger? Malaysia
100%
Which one is bigger? Monaco
100%
Which one is bigger? Solomon Islands
100%
Which one is bigger? Solomon Islands
100%
Which one is bigger? British Empire
67%
Which one is bigger? Chile
67%
Which one is bigger? Ecuador
67%
Which one is bigger? Guinea
67%
Which one is bigger? Guyana
67%
Which one is bigger? Honduras
67%
Which one is bigger? India
67%
Which one is bigger? Malaysia
67%
Which one is bigger? United States
67%
Which one is bigger? Vatican City
67%
Which one is bigger? Zambia
67%
Which one is bigger? Afghanistan
33%
Which one is bigger? Iran
33%
Which one is bigger? Singapore
33%
Which one is bigger? Tajikistan
33%
Which one is bigger? Turkey
33%
Which one is bigger? Yemen
33%
Which one is bigger? Zimbabwe
33%
Which one is bigger? Guatemala
0%
Which one is bigger? Vietnam
0%
No matching quizzes found
Score Distribution
Percent of People with Each Score
Percentile by Number Answered
Your Score History
You have not taken this quiz since the last reset